El plomo: un contaminante nocivo para la salud
Đã lưu trong:
| Định dạng: | Texto |
|---|---|
| Những chủ đề: | |
| Các nhãn: |
Thêm thẻ
Không có thẻ, Là người đầu tiên thẻ bản ghi này!
|
MARC
| LEADER | 00000 a a2200000 04500 | ||
|---|---|---|---|
| 001 | 6838 | ||
| 003 | |||
| 040 | |||
| 245 | |a El plomo: |b un contaminante nocivo para la salud | ||
| 650 | |a SALUD | ||
| 650 | |a CONTAMINACION | ||
| 650 | |a MEDIO AMBIENTE | ||
| 650 | |a EL SALVADOR | ||
| 773 | |g volumen 28, número 1253; páginas 10-11 | ||
| 999 | |c 24095 |d 24095 | ||
